000 00522nam a2200193Ia 4500
005 20250508151634.0
008 008 250505s9999 xx 000 0 eng d
037 _aTextual
040 _aFEDL
_beng
_cFEDL
041 _aeng
_2eng
084 _a3301., LEW
_qFEDL
100 _aLewis W. Arthur
245 0 _aTheory of economic growth
260 _aLondon, UK
_bGeorge Allen and Unwin Limited
_c1955
300 _a453p.
650 _aEconomics
942 _cTEXL
_h3301., LEW
999 _c1331065
_d1331065